000 00453nam a2200181Ia 4500
001 11705
005 20260306162847.0
008 260306t2023||||xx |||||||||||||| ||spa||
041 _aESP
082 _aHR 004
_bV. 55 N° 9 2023 CS
110 _aAssociation for Computing Machinery
245 0 _aACM computing surveys
260 _c2023
300 _aVarias paginaciones :
_c25 cm.
650 _aGEN
654 _aCCC
942 _cREV
_dJUS
_fJUS
_2ddc
_n
999 _c11705
_d11705